Normal view
MARC view
Entry Personal Name
001 - CONTROL NUMBER
- control field: 534423
003 - CONTROL NUMBER IDENTIFIER
- control field: OSt
005 - DATE AND TIME OF LATEST TRANSACTION
- control field: 20220930074648.0
008 - FIXED-LENGTH DATA ELEMENTS
- fixed length control field: 220930|| aca||aabn | a|a d
040 ## - CATALOGING SOURCE
- Original cataloging agency: OSt
- Transcribing agency: OSt
100 ## - HEADING--PERSONAL NAME
- Personal name: Prof. R S Sharma Gu
670 ## - SOURCE DATA FOUND
- Source citation: Work cat.: (OSt)866854: Bagai Anjali 534422, Merchandise and mercantile community in post-gupta times in Northern India (A.D. 600-1000), 1986
